000 00405nam a22001571c 4500
001 a987658929
008 071023s1965 gw |||| 000u ger d
041 _ager
100 1 _aNimtz, Walter
245 0 4 _aDie Novemberrevolution 1918 in Deutschland :
_bMit einem Dokumentenanhang
264 _aBerlin :
_bDietz Verl.,
_c1965
300 _a306 S.
942 _cMG
040 _cRU-10907106
003 RU-10907106
999 _c397
_d397